The mind in the making : The relation of intelligence to social reform
This is an essay-not a treatise--on the most important of all matters of human concern. Although it has cost its author a great deal more thought and labor than will be apparent, it falls, in his estimation, far below the demands of its implacably urgent theme...
Đã lưu trong:
| Hovedforfatter: | |
|---|---|
| Format: | Bog |
| Sprog: | Undetermined |
| Udgivet: |
New York
Harper & Brother
1921
|
| Fag: | |
| Tags: |
Tilføj Tag
Ingen Tags, Vær først til at tagge denne postø!
|
| Thư viện lưu trữ: | Trung tâm Học liệu Trường Đại học Cần Thơ |
|---|
| LEADER | 00894nam a2200217Ia 4500 | ||
|---|---|---|---|
| 001 | CTU_222323 | ||
| 008 | 210402s9999 xx 000 0 und d | ||
| 082 | |a 901 | ||
| 082 | |b R658 | ||
| 100 | |a Robinson, James Harvey | ||
| 245 | 4 | |a The mind in the making : | |
| 245 | 4 | |b The relation of intelligence to social reform | |
| 245 | 0 | |c James Harvey Robinson | |
| 260 | |a New York | ||
| 260 | |b Harper & Brother | ||
| 260 | |c 1921 | ||
| 520 | |a This is an essay-not a treatise--on the most important of all matters of human concern. Although it has cost its author a great deal more thought and labor than will be apparent, it falls, in his estimation, far below the demands of its implacably urgent theme... | ||
| 650 | |a Civilization,Nền văn minh | ||
| 650 | |x History,Lịch sử | ||
| 904 | |i Nguyễn An Khang,Hải | ||
| 980 | |a Trung tâm Học liệu Trường Đại học Cần Thơ | ||